Quizzes
Events
Quiz Creation
Community
Videos
Private Events
Remove Ads
Sign In
Join for FREE
Feedback
Dark Mode
Quiz Categories
Sports
Geography
Music
Movies
Television
Just For Fun
Miscellaneous
History
Literature
Language
Science
Gaming
Entertainment
Religion
Holiday
For Kids
Quiz Lab
Recent
Popular Today
Quiz Kudos Today
Editor Picks
Curator Picks
Quizzes by...
Day
Popularity
Type
Ratings
Length
Year
Community
Subscriptions
Recent Discussions
Orange Saloon
Badges
Playlists
Quests
Create
Leaderboards
Showdown
Live 5
Trivia Bingo
Activity
Puzzle Library
Sporcle Events
Private Events
Virtual Trivia
Globe League
Become a Host
Pub Owners
SporcleCon
Opinionation
Our Games
Videos
Blog
Mobile Apps
Partnerships
Remove Ads and Go Orange
Feedback
Geography
Country
Landmarks
City
State
Population
World
Capital
Continent
Flags
Europe
Africa
Asia
South America
North America
Oceania
Border
Canada
United Kingdom
Topography
United States
Geography
Country
Landmarks
City
State
Population
World
Capital
Continent
Flags
Europe
Africa
Asia
South America
North America
Oceania
Border
Canada
United Kingdom
Topography
United States
Random Quiz
Search Sporcle
×
Quiz Lab
Quiz Lab
Geography
United States
Type in answers that appear in a list
Type in answers that appear in a list
Classic
Best Score? Go Orange.
Ultimate Geography Challenge: Ends in 'E' Stats
Can you name the countries, national capitals, states, and state capitals that ends in 'E'?
By
d_cline42
10m
49 Questions
12.4K Plays
12,411 Plays
12,411 Plays
Comments
Comments
Give Quiz Kudos
Give Quiz Kudos
-
- Ratings
hide this ad
Replay
Link that replays current quiz
Next Quiz
Link to next quiz in quiz playlist
You Got
0%
They Got
Avg Score
83%
Avg Friend Score
Upgrade to see
Score Distribution
Jump to the score distribution portion of the page
Score
0/49
Timer
10:00
4
Plays Today
Hint
Answer
% Correct
U.S. State
Maine
95.3%
Country
Belize
93.8%
Country
France
93.5%
Country
Chile
93.1%
U.S. State
Tennessee
92.6%
U.S. State
Delaware
90.9%
Country
Greece
90.7%
Country
Zimbabwe
90.5%
U.S. State
New Hampshire
89.9%
Country
Suriname
89.4%
U.S. State Capital
Tallahassee
88.5%
National Capital
Lome
88%
Country
Singapore
87.9%
National Capital
Singapore
87.9%
National Capital
Male
87.6%
U.S. State Capital
Boise
87.6%
U.S. State Capital
Pierre
87.1%
National Capital
Sao Tome
86.8%
National Capital
Harare
86.3%
Country
Ukraine
86.3%
U.S. State Capital
Santa Fe
86.2%
National Capital
Rome
85.3%
Country
Cabo Verde
85.2%
U.S. State Capital
Baton Rouge
85.1%
Country
Sierra Leone
84.9%
Hint
Answer
% Correct
Country
Sao Tome and Principe
84.7%
U.S. State Capital
Cheyenne
82.7%
U.S. State Capital
Nashville
82.6%
U.S. State Capital
Providence
82.3%
Country
Cote d'Ivoire
82.1%
National Capital
Gaborone
81.8%
National Capital
Vientiane
81.7%
National Capital
Belgrade
81.4%
Country
Timor-Leste
80.3%
National Capital
Dushanbe
80%
National Capital
Yaounde
79.4%
National Capital
Libreville
79.2%
National Capital
Brazzaville
78.8%
National Capital
Lilongwe
78.6%
National Capital
Port-au-Prince
78%
National Capital
Prague
77.5%
National Capital
San Jose
77.3%
National Capital
Skopje
77%
National Capital
Basseterre
75.2%
National Capital
Mbabane
74.5%
Country
Palestine
74.4%
Country
Mozambique
74.3%
National Capital
Sri Jayawardenepura Kotte
63.4%
National Capital
Sucre
51.3%
Quiz Playlist
Details
Report
Send in Message
Add To Playlist
Classic:
Type in answers that appear in a list
Last Updated: Jun 22, 2017
Quiz Scoreboard
CHALLENGE
Sign Up to Join the Scoreboard
Show All
Scores
Hide
Comments
May contain spoilers
Recently Published
Presidents Visiting Landmarks
by Hejman
History
7m
An Introduction to Baseball
by treessimontrees
Sports
5m
Movies - When Are They Set?
by FPL_Elf
Movies
5m
More to Explore
Quiz From the Vault
Featured Blog Post
Where Did the Easter Bunny Come From?
hide this ad
You Might Also Like...
Tags
Country Quiz
United States Quiz
challenge
National Capitals
Today's Top Quizzes in Geography
Browse Geography
hide this ad
Today's Top Quizzes in United States
Browse United States
Top Contributed Quizzes in Geography
1
Countries of the World - No Outlines Minefield
2
Top 25 Cities of France on a map
3
Any capital of a 'B' country per Continent
4
Closest Countries to UK A-Z
5
One Thing in Common: United Kingdom
6
Any capital of a 'C' country per Continent
7
Find the Provinces of Canada - No Outlines Minefield
8
Any capital of a 'D' country per Continent
9
Find the US States - No Outlines
10
Blind Secret Country CLXXXVIII
Explore More
Trending Topics
Kpop
Anime
Marvel
Disney
Crossword
NBA
Harry Potter
Puzzle
Song
NFL
Pokémon
The Office
Country
Soccer
WWE
hide this ad
More By:
d_cline42
Quiz
Plays
Rating
Category
Featured
Created
Ultimate Geography Challenge: Ends in 'N'
13,866
4.56
Geography
Apr 1, 2016
Ultimate Geography Challenge: Ends in 'E'
12,411
4.10
Geography
Apr 11, 2016
Ultimate Geography Challenge: Ends in 'S'
11,108
4.90
Geography
May 30, 2016
Ultimate Geography Challenge: Ends in 'O'
9,883
4.75
Geography
May 30, 2016
Utlimate Geography Challenge: Ends in 'A'
7,238
5.00
Geography
Mar 4, 2016
Go to Creator's Profile
Score Distribution
Quiz Creator Spotlight
d_cline42
Follow
Send a Message
Quizzes Created
-
Created Quiz Play Count
-
More By This Creator
Popular Quizzes Today
1
Find the Countries of Europe - No Outlines Minefield
2
Find the US States - No Outlines Minefield
3
The Countries of the World
4
Popular People in 1961
5
Find the US States
6
US States
7
1-10 Letter E Words III
8
Risky Map Clicking: Biggest States A-Z
More Geography Quizzes
5 ABCs - Finland, Estonia, Latvia, Lithuania
Quiz Lab
Trending Quizzes
Risky Map Clicking: Least Populous States A-Z
1-10 Letter F Words
1-10 Letter G Words
One Thing in Common: United Kingdom
Risky Map Clicking: Next State Alphabetically
Recently Updated
Leaping Animals
pecheneg
Reality TV Shows (A-Z)
bhenderson79
Rickey Henderson's Hall of Fame Teammates
pecheneg
Champions League XIs: Arsenal
pecheneg
Quick Pick: Celebrities in WWE's Hall of Fame
aduchscher
A-Z Keypad Blitz II
pecheneg
Multiple Oscar Actors
pecheneg
Mystery Phrase Blitz: Oscar 'Best Actors'
pecheneg
F. Scott Fitzgerald Novels
LTH
Pick 3 Villains
ddd62291
Trending Topics
Marvel
Crossword
NBA
Harry Potter
Disney
Anime
Kpop
The Office
WWE
Pokémon
NFL
Puzzle
Soccer
Country
Song
Your Account Isn't Verified!
In order to create a playlist on Sporcle, you need to verify the email address you used during registration. Go to your
Sporcle Settings
to finish the process.
Report this User
Report this user for behavior that violates our
Community Guidelines
.
Details:
Send Report
Go to the Sporcle.com Mobile Site →
Comments